| 000 | 00410nam a2200133Ia 4500 | ||
|---|---|---|---|
| 001 | 3076 | ||
| 008 | 241024s9999 xx 000 0 und d | ||
| 082 | _aRD/372.4/M617i | ||
| 100 | _aDarlyn Meza | ||
| 245 | 0 | _aInforme borrador. Sistematización del componente: Mejoramiento de los aprendizajes en lectoescritura y matemática | |
| 260 |
_bSanto Domingo _c2013 |
||
| 901 | _a25/7/2013 8:23:19 a.m. | ||
| 999 |
_c8697 _d8697 |
||